|
|
|
|
| LEADER |
02758cam a2200361 a 4500 |
| 001 |
c000397344 |
| 003 |
CARM |
| 005 |
20140603145148.0 |
| 008 |
140603s1994 nyua b 001 0 eng d |
| 010 |
|
|
|a 93021059
|
| 019 |
1 |
|
|a 10474762
|5 LACONCORD2021
|
| 020 |
|
|
|a 0780310233 (hbk.) :
|c $69.95
|
| 035 |
|
|
|a (OCoLC)28928906
|5 LACONCORD2021
|
| 040 |
|
|
|a TOC
|b eng
|c TOC
|d TOC
|
| 050 |
0 |
0 |
|a TK5102.9
|b .C94 1994
|
| 050 |
1 |
4 |
|a TK5102.9
|b .C94 1994
|
| 082 |
0 |
4 |
|a 621.3822
|2 20
|
| 245 |
0 |
0 |
|a Cyclostationarity in communications and signal processing /
|c edited by William A. Gardner.
|
| 260 |
|
|
|a New York :
|b IEEE Press,
|c c1994.
|
| 300 |
|
|
|a xiv, 504 p. :
|b ill. ;
|c 24 cm.
|
| 504 |
|
|
|a Includes bibliographical references and index.
|
| 505 |
0 |
|
|a An Introduction to Cyclostationary Signals / William A. Gardner -- Higher-Order Statistics for Nonlinear Processing of Cyclostationary Signals / Chad M. Spooner -- An Overview of Sensor Array Processing for Cyclostationary Signals / Stephan V. Schell -- Polyperiodic Linear Filtering / L. E. Franks -- Representation, Prediction, and Identification of Cyclostationary Processes - A State-Space Approach / Sergio Bittanti, Paolo Bolzern, Giuseppe De Nicolao and Luigi Piroddi -- Representation and Estimation Periodically Correlated Random Processes / Dominique Dehay and Harry L. Hurd -- Joint Transmitter/Receiver Optimization for Multiuser Communications / Sumit Roy, Jian Yang and P. Sarath Kumar -- Beneficial Effects of Spectral Correlation on Synchronization / Nelson M. Blachman -- Cyclostationarity-Exploiting Methods for Multipath-Channel Identification / Luciano Izzo, Antonio Napolitano and Luigi Paura.
|
| 505 |
8 |
|
|a Blind Channel Identification and Equalization Using Spectral Correlation Measurements, Part I: Frequency-Domain Analysis / Zhi Ding -- Blind Channel Identification and Equalization Using Spectral Correlation Measurements, Part II: A Time-Domain Approach / Lang Tong, Guanghan Xu and Thomas Kailath -- A Review of Digital Spectral Correlation Analysis: Theory and Implementation / Randy S. Roberts, William A. Brown and Herschel H. Loomis, Jr. -- On Recent Developments in Prediction Theory for Cyclostationary Processes / Abol G. Miamee.
|
| 650 |
|
0 |
|a Signal processing
|x Mathematics.
|
| 650 |
|
0 |
|a Cyclostationary waves
|x Mathematical models.
|
| 650 |
|
0 |
|a Wave mechanics.
|
| 650 |
|
0 |
|a Spectral theory (Mathematics).
|
| 700 |
1 |
|
|a Gardner, William A.
|
| 852 |
8 |
|
|b CARM
|p 0603436
|f BK
|
| 852 |
8 |
|
|b SCAN
|h A3:AH14F0
|i C13015
|p 0603436
|f BK
|
| 999 |
f |
f |
|i 64d7ee7b-96b2-5926-8d82-e1260a3cd77b
|s a9ce21c3-218e-5fd1-8dde-b54d52eed127
|
| 952 |
f |
f |
|p Can circulate
|a CAVAL
|b CAVAL
|c CAVAL
|d CARM 1 Store
|i book
|m 0603436
|
| 952 |
f |
f |
|a CAVAL
|b CAVAL
|c CAVAL
|d Unmapped Location
|e C13015
|f A3:AH14F0
|h Other scheme
|